| 000 | 01138cam a2200289 a 4500 | ||
|---|---|---|---|
| 020 | _a0070159149 (alk. paper) | ||
| 082 | 0 | 0 |
_a526.9 _bAND _cN-01,P-89 |
| 100 | 1 |
_aAnderson, J. M. _926076 |
|
| 245 | 1 | 0 |
_aSurveying, theory and practice / _cJames M. Anderson. Edward M. Mikhail. |
| 250 | _a7th ed. | ||
| 260 |
_aBoston : _bWCB/McGraw-Hill, _cc1998. |
||
| 300 |
_axxix, 1167 p. : _bill., maps ; _c25 cm. |
||
| 500 | _aA typical topographic map of the U.S. Geological Survey on inside front cover. | ||
| 500 | _aRev. ed. of: Surveying, theory and practice / Raymond E. Davis ... [et al.]. 1981. | ||
| 526 |
_a0 _b0 _c0 _d526_900000000000000_AND |
||
| 526 |
_a0 _b0 _c0 _d526_900000000000000_AND |
||
| 526 |
_a0 _b0 _c0 _d526_900000000000000_AND |
||
| 526 |
_a0 _b0 _c0 _d526_900000000000000_AND |
||
| 526 |
_a0 _b0 _c0 _d526_900000000000000_AND |
||
| 526 |
_a0 _b0 _c0 _d526_900000000000000_AND |
||
| 650 | 0 |
_aMCE _9379 |
|
| 650 | 0 | _aSurveying. | |
| 700 | 1 |
_aMikhail, Edward M. _926078 |
|
| 856 | 4 | 1 | _uhttp://www.loc.gov/catdir/toc/mh022/97028584.html |
| 856 | 4 | 2 | _uhttp://www.loc.gov/catdir/description/mh023/97028584.html |
| 942 |
_2ddc _cBK |
||
| 999 |
_c544107 _d544107 |
||